000 00817nam a2200241 i 4500
001 16399
003 ES-MaACL
005 20250731002928.0
007 t|
008 000913s1985 sp ||||1| spa d
020 _a84-505-2253-6
080 _a351.72(463)"14"
080 _a946.3"1406/54"
100 1 _aFernández Pirla, José María.
_950001
245 1 4 _aLas ordenanzas contables de Juan II de Castilla /
_cJosé María Fernández Pirla.
260 _aMadrid :
_bTribunal de Cuentas, Servicio de Publicaciones,
_c[1985]
300 _a116 p. ;
_c24 cm.
650 1 4 _aHacienda pública-
_zCastilla (Reino)
_913280
651 4 _aCastilla (Reino)-
_xHistoria-
_y1406-1454, Juan II
_97995
710 1 _aEspaña.
_bTribunal de Cuentas.
_94002
852 _aES-MaACL
_jG-2147
_bR.114410
999 _c16399
_d16399